USA States and Capitals - with MAP - Statistics

General Stats
  • This quiz has been taken 6,712 times
    2,904 since last reset
  • The average score is 69 of 101
Answers on the Map
Answers color-coded by a green-red scale on the quiz's map according to % correct below.
 
Answer Stats
Name % Correct
Washington
89%
California
88%
Texas
87%
Alaska
86%
Arizona
85%
Florida
85%
New York
85%
Hawaii
84%
Idaho
84%
Nevada
84%
New Mexico
84%
Oklahoma
84%
Oregon
84%
Alabama
83%
Indiana
83%
Colorado
82%
Kansas
82%
Maine
82%
Montana
82%
North Dakota
82%
Ohio
82%
South Dakota
82%
Utah
82%
Arkansas
81%
Georgia
81%
Illinois
80%
Louisiana
80%
Michigan
80%
North Carolina
80%
South Carolina
80%
Wyoming
80%
Kentucky
79%
Nebraska
79%
New Jersey
79%
Tennessee
79%
Virginia
79%
Wisconsin
79%
Iowa
78%
Maryland
78%
Mississippi
78%
Vermont
78%
West Virginia
78%
Austin
77%
Minnesota
76%
Missouri
76%
New Hampshire
76%
Pennsylvania
76%
Rhode Island
76%
Sacramento
76%
Delaware
75%
Honolulu
75%
Connecticut
74%
Massachusetts
73%
Phoenix
73%
Denver
70%
Salt Lake City
69%
Albany
68%
Oklahoma City
68%
Atlanta
67%
Boston
67%
Indianapolis
65%
Boise
64%
Juneau
64%
Tallahassee
64%
Baton Rouge
62%
Nashville
62%
Santa Fe
62%
Columbus
60%
Little Rock
60%
Olympia
60%
Salem
59%
Montgomery
57%
Springfield
57%
Washington, District of Columbia
57%
Jackson
56%
Carson City
55%
Helena
54%
Des Moines
52%
Lincoln
52%
Raleigh
51%
Cheyenne
50%
Providence
50%
Richmond
50%
Topeka
49%
Augusta
48%
Columbia
48%
Madison
48%
Bismarck
47%
Charleston
47%
Dover
47%
Lansing
47%
Annapolis
46%
Frankfort
46%
Hartford
46%
Harrisburg
45%
Pierre
45%
Jefferson City
44%
Trenton
44%
Montpelier
43%
Saint Paul
43%
Concord
39%
No matching quizzes found
Score Distribution
Percent of People with Each Score
Percentile by Number Answered
Your Score History
You have not taken this quiz since the last reset